LEADER 03547nam 22006254a 450 001 9910456449003321 005 20200520144314.0 010 $a1-283-37144-8 010 $a9786613371447 010 $a0-470-09142-8 035 $a(CKB)111090529060228 035 $a(EBL)189458 035 $a(OCoLC)55748183 035 $a(SSID)ssj0000149365 035 $a(PQKBManifestationID)11162086 035 $a(PQKBTitleCode)TC0000149365 035 $a(PQKBWorkID)10236938 035 $a(PQKB)10515930 035 $a(MiAaPQ)EBC189458 035 $a(Au-PeEL)EBL189458 035 $a(CaPaEBR)ebr10113987 035 $a(CaONFJC)MIL337144 035 $a(EXLCZ)99111090529060228 100 $a20031215d2004 uy 0 101 0 $aeng 135 $aur|n|---||||| 181 $ctxt 182 $cc 183 $acr 200 04$aThe essential handbook of memory disorders for clinicians$b[electronic resource] /$fedited by Alan D. Baddeley, Michael D. Kopelman, Barbara A. Wilson 210 $aChichester, West Sussex, England ;$aHoboken, NJ, USA $cJ. Wiley$dc2004 215 $a1 online resource (393 p.) 300 $aRev. ed. of: Handbook of memory disorders. 2nd ed. New York : J. Wiley, c2002. 311 $a0-470-09141-X 320 $aIncludes bibliographical references and indexes. 327 $tPsychology of memory /$rAlan D. Baddeley --$tThe amnesic syndrome: overview and subtypes /$rMargaret O'Connor, Mieke Verfaille --$tPosttraumatic amnesia and residual memory deficit after closed head injury /$rHarvey S. Levin, Gerri Hanten --$tPsychogenic amnesia /$rMichael D. Kopelman --$tDevelopmental amnesias and acquired amnesias of childhood /$rChristine M. Temple --$tThe memory deficit in Alzheimer's disease /$rJames T. Becker, Amy A. Overman -- Memory disorders in subcortical dementia /$rJason Brandt, Cynthia A. Munro --$tAssessment of memory disorders /$rBarbara A. Wilson --$tSeparating memory from other cognitive disorders /$rDiane B. Howieson, Murial D. Lezak --$tManagement and remediation of memory problems in brain injured adults /$rBarbara A. Wilson --$tAssessment and management of memory problems in children /$rJudith A. Middleton --$tAssessment and intervention in dementia of Alzheimer type /$rLinda Clare --$tReducing the impact of cognitive impairment in dementia /$rBob Woods --$tExternal memory aids and computers in memory rehabilitation /$rNarinder Kapur, Elizabeth Glisky, Barbara A. Wilson --$tEmotional and social consequences of memory disorders /$rRobyn L. Tate. 330 $aThis concise version of the Handbook of Memory Disorders is a selection of chapters from the original volume that have been chosen with the busy practitioner in mind. The Essential Handbook provides individual clinicians and students with those parts the editors consider most relevant and useful on a day-to-day basis, as a portable adjunct to the more comprehensive Handbook. (Handbook of Memory Disorders - 047 149819X) 606 $aMemory disorders 606 $aMemory 606 $aAmnesia 608 $aElectronic books. 615 0$aMemory disorders. 615 0$aMemory. 615 0$aAmnesia. 676 $a616.8/4 701 $aBaddeley$b Alan D.$f1934-$0125184 701 $aKopelman$b Michael D$0987324 701 $aWilson$b Barbara A.$f1941-$0964224 801 0$bMiAaPQ 801 1$bMiAaPQ 801 2$bMiAaPQ 906 $aBOOK 912 $a9910456449003321 996 $aThe essential handbook of memory disorders for clinicians$92256550 997 $aUNINA LEADER 02984nam 2200685 450 001 9910783367003321 005 20230607215425.0 010 $a0-19-770035-7 010 $a1-280-47035-6 010 $a9786610470358 010 $a1-282-36726-9 010 $a9786612367267 010 $a0-19-535367-6 010 $a1-60256-234-2 035 $a(CKB)1000000000028868 035 $a(StDuBDS)AH24083695 035 $a(SSID)ssj0000111603 035 $a(PQKBManifestationID)11145482 035 $a(PQKBTitleCode)TC0000111603 035 $a(PQKBWorkID)10080936 035 $a(PQKB)10750300 035 $a(Au-PeEL)EBL4702522 035 $a(CaPaEBR)ebr11273613 035 $a(CaONFJC)MIL236726 035 $a(OCoLC)57469409 035 $a(MiAaPQ)EBC4702522 035 $a(EXLCZ)991000000000028868 100 $a20161012h20022002 uy 0 101 0 $aeng 135 $aur||||||||||| 181 $ctxt 182 $cc 183 $acr 200 10$aBiochemical adaptation $emechanism and process in physiological evolution /$fPeter W. Hochachka, George N. Somero 210 1$aOxford, England :$cOxford University Press,$d2002. 210 4$dİ2002 215 $a1 online resource (464p. ) $cill 300 $aBibliographic Level Mode of Issuance: Monograph 311 $a0-19-511702-6 311 $a0-19-511703-4 320 $aIncludes bibliographical references and index. 327 $aMachine generated contents note: 1 The Goals and Scope of This Volume 3 --2 Cellular Metabolism, Regulation, and Homeostasis 20 --3 Influence of Oxygen Availability 101 -- 4 The Diving Response and Its Evolution 158 --5 Human Hypoxia Tolerance 186 --6 Water-Solute Adaptations: The Evolution and Regulation of the Internal Milieu 217 --7 Temperature 290 -- Index 451. 330 $aSuitable for graduates and undergraduates in environmental biology, comparative physiology, and marine biology, this text lays out the principles of mechanistic comparative physiology in an ecological and evolutionary context. 330 $bThis text lays out the principles of mechanistic comparative physiology in an ecological and evolutionary context. The subject of evolutionary physiology has been advancing considerably and this book will bring readers up to date on a number of new techniques, ideas and data. Topics include NMR spectroscopy and molecular biology, evolution and adaptation, phylogenetically-based analytical techniques and more. 606 $aAdaptation (Physiology) 606 $aPhysiology, Comparative 606 $aMolecular evolution 615 0$aAdaptation (Physiology) 615 0$aPhysiology, Comparative. 615 0$aMolecular evolution. 676 $a572.8/38 700 $aHochachka$b Peter W.$0554797 702 $aSomero$b George N. 801 0$bMiAaPQ 801 1$bMiAaPQ 801 2$bMiAaPQ 906 $aBOOK 912 $a9910783367003321 996 $aBiochemical adaptation$93846963 997 $aUNINA